000 00590nam a2200241Ia 4500
003 OSt
005 20221005130824.0
006 a|||||r|||| 00| 0
007 ta
008 221004b |||||||| |||| 00| 0 tam d
024 _a50593
037 _cTextual
040 _aCRL
_cCRL
_btam
041 _2tam
_atam
082 _aO31,3NPE1,1, K4
100 _aPerumal Au.
_9229591
245 0 _aSangamam
260 _c1964
650 _a TAMIL LITERATURE
650 _aTAMIL FICTION
942 _hO31,3NPE1,1, K4
_cTEXL
_2cc
999 _c1058518
_d1058518